000 00370nam a22001337a 4500
008 230202b |||||||| |||| 00| 0 eng d
020 _a0060405422
082 _a300.72 BAR
100 _aBausell, R Barker.
245 _aA Practical Guide to Conducting Empirical Research
260 _aNew York:
_bHarper and Row Publishers;
_c1986.
300 _axi.326 p:
942 _2ddc
999 _c9283
_d9284